000 00888cam a2200229 4500
005 20150310113351.0
008 19931993 a spa
020 _a9686780122
050 0 4 _aQH77.M4
_bB56 1993
245 0 0 _aBiodiversidad marina y costera de México /
_cSergio I. Salazar-Vallejo, Norma Emilia González, editores.
250 _a1a ed.
260 _aChetumal, Quintana Roo :
_bComisión Nacional para el Conocimiento y Uso de la Biodiversidad : Centro de Investigaciones de Quintana Roo,
_c1993
300 _aviii, 865 p. :
_bil. ;
_c23cm.
500 _a1 ejemplar
504 _aIncluye bibliografías y lista de lagos salinos
650 4 _aBiodiversidad
_zMéxico
650 4 _aBiodiversidad marina
_zMéxico
650 4 _aOrganismos costeros
_zMéxico
700 1 _aSalazar-Vallejo, Sergio I.,
_eed.
700 1 _aGonzález, Norma Emilia,
_eed.
942 _2lcc
_cLIB
999 _c57923
_d57923